000 00949cam a2200277 i 4500
005 20190213143513.0
008 180228s2006 sp r 000 0 spa d
015 _aNNN
020 _a8430113959
020 _a9788430113958
040 _aCO-BoUCM
_bspa
_cSaul Niño
_dSaul Niño
041 0 _aspa
043 _ae-fr---
100 1 _aBergson, Henri-Louis
_d1859-1941
_91129
245 1 0 _aEnsayo sobre los datos inmediatos de la conciencia
_cHenri Bergson, traducción Juan Miguel Palacios
260 _aSalamanca
_bSígueme
_c2006
300 _a166 páginas
490 0 _aHermeneia (Ediciones Sígueme)
_v45
650 7 _aConciencia (Psicología)
_911456
650 7 _aLibre albedrio y determinismo
_918499
650 7 _aFilosofía francesa
_915814
650 7 _aMetafísica
_919397
700 1 _aPalacios, Juan Miguel
_d1942-
_etraductor
_991620
942 _2DEWEY
_a2
_cLIBRORESER
_e1
_h194
_mB499e
999 _c309372
_d309372